| 000 | 01222nam a2200349Ic 4500 | ||
|---|---|---|---|
| 001 | 58680 | ||
| 003 | CO-BoRNBP | ||
| 005 | 20250827163950.0 | ||
| 007 | ta | ||
| 008 | 141031s2012 s a g 000 p s | ||
| 020 | _a9788433968999 | ||
| 040 |
_aCO-BoRNBP _bspa _erda _cCO-BoRNBP |
||
| 041 | _aspa | ||
| 084 | _aP | ||
| 100 |
_aBurton, Tim, _d1958- _eaut _963797 |
||
| 245 | 1 | 3 |
_aLa melancólica muerte de Chico Ostra / _cTexto e ilustraciones Tim Burton ; traducción Francisco Segovia. |
| 250 | _aDecimonovena edición | ||
| 264 | 1 |
_aBarcelona, España : _bAnagrama, _c2012 |
|
| 300 |
_a137 páginas : _bilustraciones a color |
||
| 336 |
_atexto _btxt _2rdacontent |
||
| 337 |
_asin mediación _bn _2rdamedia |
||
| 338 |
_avolumen _bnc _2rdacarrier |
||
| 534 | _tThe Melancholy Death of Oyster Boy and Other Stories | ||
| 650 | 0 | 7 |
_aEmociones en la literatura _2LEMB _9891 |
| 650 | 0 | 7 |
_aHumo en la literatura _2lemb _963798 |
| 650 | 0 | 7 |
_aNiños en la literatura _2lemb _9873 |
| 650 | 0 | 4 |
_aPoesía infantil estadounidense _ySiglo XX _2LEMB _963799 |
| 650 | 0 | 4 |
_aLiteratura infantil estadounidense _ySiglo XX _2LEMB _9817 |
| 700 |
_aBurton, Tim _eill _963800 |
||
| 700 |
_aSegovia, Francisco _etrl |
||
| 942 |
_2loc _cBKINF |
||
| 999 |
_c58680 _d58680 |
||